000 00608nam a2200217Ia 4500
003 OSt
005 20251119102457.0
008 210210b1947 xxu||||| |||| 00| 0 eng d
040 _cAL
041 _aKannada
082 _a851/119
100 _aGUNDAPPA (L)
_dಗುಂಡಪ್ಪ (ಎಲ್)
_9246334
245 _aSohrab mattu rustum
_b ಸೊಹ್ರಾಬ್ ಮತ್ತು ರುಸ್ತುಂ
260 _aBengaluru
_b-
_c1947
650 _aSohrab
_9246335
650 _arustum
_9246336
650 _amattu
_9246337
690 _aKannada Poetry
_9246338
906 _a018136
942 _2ddc
_cBK
999 _c141264
_d141264